Технический контроль качества изделий из углеродных материалов

Бібліографічні деталі
Автор: Белов Г. В. Геннадий Васильевич
Мова:Російська
Опубліковано: Москва, Изд-во стандартов, 1991
Предмети:
Формат: Книга
KOHA link:https://koha.lib.tpu.ru/cgi-bin/koha/opac-detail.pl?biblionumber=159986

MARC

LEADER 00000nam0a2200000 4500
001 159986
005 20231031155419.0
010 |a 5705003439 
020 |a RU  |b 92-5864 
035 |a (RuTPU)RU\TPU\book\173506 
090 |a 159986 
100 |a 20090516d1991 k a0rusy5003 ca 
101 0 |a rus 
102 |a RU 
105 |a a z 000zy 
200 1 |a Технический контроль качества изделий из углеродных материалов  |f Г. В. Белов 
210 |a Москва  |c Изд-во стандартов  |d 1991 
215 |a 92 с.  |c ил. 
610 1 |a композиционные материалы 
610 1 |a технический контроль 
610 1 |a качество 
610 1 |a изделия 
610 1 |a углеродные материалы 
675 |a 661.66  |v 3 
700 1 |a Белов  |b Г. В.  |g Геннадий Васильевич 
801 0 |a RU  |b RuMRKP  |c 19950417  |g psbo 
801 1 |a RU  |b 63413507  |c 20090516  |g PSBO 
801 2 |a RU  |b 63413507  |c 20130614  |g PSBO 
942 |c BK